000 00625nam a2200193Ia 4500
008 151121s9999||||xx |||||||||||||| ||und||
082 _a833/आनंद
082 _bHNW-43460
100 _aआनंद कुमार पंडित
245 _aचौरासी दफा
260 _b"सरस्वती विहार , दिल्ली"
260 _c--
300 _a94
600 _aआनंद कुमार पंडित
630 _aचौरासी दफा
700 _aआनंद कुमार पंडित
730 _aचौरासी दफा
942 _cBOOK
999 _c1231542
_d1231539